000 00591nam a22002057a 4500
999 _c15817
_d15817
003 AR-CdUCM
008 190430b ||||| |||| 00| 0 spa d
040 _aMUNICIPALIDAD PROVINCIAL DEL CUSCO
_cBIBLIOTECA MUNICIPAL DEL CUSCO
082 _a856.26 /
_bO52 / 1933
100 _aO´neill, Eugenio
_912075
245 _aLigados /
260 _aBuenos Aires :
_bTor,
_c1933.
300 _a174 paginas ;
_c18 cm.
505 _aContenido : Teatro para leer
650 _aTeatro
_9173
650 _aDrama
_9560
650 _aGuiones
_935009
942 _2ddc
_cLIBROS
945 _awnts
_d2019-04-30